000 01157cam a2200385 4500
001 J1552
008 090401t1993 xxu||||| |||| 00| 0 eng d
035 _a(Sirsi) u44181
041 _aeng
050 _a526.9097
110 _aFederation International Des Geometres
245 _aPresented papers of the FIG PC`93 technical sessions Surveying in the Americas, February 16 and 17, 1993 in conjunction with the 60th meeting of the Permanent Committee of FIG, New Orleans, Louisiana ... February 13-18, 1993.
260 _bFIG
_c1993
300 _a(178)p. : ill. ; 28cm.
350 _a0
650 _aANTARCTICA
650 _aARGENTINA
650 _aCADASTRAL SURVEYING
650 _aCANADA
650 _aCARTOGRAPHY
650 _aCAREERS, EDUCATION AND TRAINING
650 _aENGINEERING SURVEYING
650 _aGIS
650 _aGLOBAL POSITIONING SYSTEMS
650 _aGPS
650 _aLAND SURVEYING
650 _aMEXICO
650 _aPARAGUAY
650 _aPUERTO RICO
650 _aSURVEYING IN THE AMERICAS
650 _aUNITED STATES OF AMERICA
690 _aLAND SURVEYING
942 _n0
948 _c04/03/1997
999 _c91457
_d91457